Výučba elektrotechnického tovaru v e-learningovej forme na predmete Tovaroznalectvo
Analýza e-learningového kurzu zameraného na elektrotechnický tovar, ktorý sa bude využívať ako e-learningová podpora výučby predmetu Tovaroznalectvo na stredných odborných školách.
Salvato in:
| Autore principale: | |
|---|---|
| Altri autori: | |
| Natura: | Capitolo di libro |
| Lingua: | slovacco |
| Soggetti: | |
| Tags: |
Nessun Tag, puoi essere il primo ad aggiungerne!!
|
MARC
| LEADER | 00000nla a2200000 4500 | ||
|---|---|---|---|
| 001 | 0163790 | ||
| 005 | 20240530102613.9 | ||
| 041 | 0 | |a slo | |
| 044 | |a SK | ||
| 245 | 1 | 0 | |a Výučba elektrotechnického tovaru v e-learningovej forme na predmete Tovaroznalectvo |c Ľubica Knošková, Alena Dudeková |
| 520 | |a Analýza e-learningového kurzu zameraného na elektrotechnický tovar, ktorý sa bude využívať ako e-learningová podpora výučby predmetu Tovaroznalectvo na stredných odborných školách. | ||
| 610 | 2 | 0 | |a školy stredné |
| 610 | 2 | 0 | |a predmety učebné |
| 610 | 2 | 0 | |a tovaroznalectvo |
| 610 | 2 | 0 | |a vzdelávanie elektronické |
| 610 | 2 | 0 | |a vyučovanie |
| 610 | 2 | 0 | |a technológie informačné |
| 610 | 2 | 0 | |a technológie komunikačné |
| 100 | 1 | |a Knošková, Ľubica, 1965- | |
| 700 | 1 | |a Dudeková, Alena, 1986- | |